| 000 | 00831cab a2200265 4500 | ||
|---|---|---|---|
| 001 | ABS48332 | ||
| 008 | 090401t1993 xxu||||| |||| 00| 0 eng d | ||
| 035 | _a(Sirsi) u66223 | ||
| 041 | _aeng | ||
| 100 | _aRose, J. | ||
| 245 | _aLeasehold valuation : back to basics | ||
| 260 | _c1993 | ||
| 350 | _a0 | ||
| 490 |
_aValuer (ISVA) _v62(2) March 1993, 4-5(2) |
||
| 520 | _aOutline of how to value leasehold property including the formulae to convert a rate percentage annually in arrears to its equivalent quarterly in advance and vice versa. | ||
| 650 | _aANNUALLY IN ARREARS | ||
| 650 | _aDUAL RATE TABLES | ||
| 650 | _aPROPERTY-LEASEHOLD PROPERTY | ||
| 650 | _aQUARTERLY IN ADVANCE | ||
| 650 | _aVALUATION TABLES | ||
| 650 | _aVALUATIONS | ||
| 690 | _aRATING AND VALUATION | ||
| 942 | _n0 | ||
| 948 | _c04/03/1997 | ||
| 999 |
_c41402 _d41402 |
||